[Event "Team Sweden Open Knockout Tournament 2007"]
[Site "SchemingMind.com"]
[Date "2007.03.21"]
[Round "-"]
[White "nomuffyet"]
[Black "Space"]
[Result "0-1"]
[WhiteCountry "SWE"]
[BlackCountry "SWE"]
[WhiteElo "1379"]
[WhiteRD "252"]
[BlackElo "2207"]
[BlackRD "76"]
[GameID "97409"]

1. e3 d5 2. Nf3 Nf6 3. Bd3 g6 4. O-O Bg7 5. Nc3 O-O 6. b3 Re8 7. a4 e5 8. Bb5 c6 9. Be2 e4 10. Ng5 h6
11. Nh3 Bxh3 12. f4 exf3 13. Rxf3 Bf5 14. Ba3 d4 15. Na2 dxe3 16. d3 Ng4 17. Rg3 Nxh2 18. Bd6 Qxd6 19. Kxh2 Be5 20. Kh1 Bxg3
21. Bg4 e2 22. Qd2 e1=Q+ 23. Qxe1 Rxe1+ 24. Rxe1 Bxe1
0-1

[Event "Team Sweden Open Knockout Tournament 2007"]
[Site "SchemingMind.com"]
[Date "2007.03.21"]
[Round "-"]
[White "Space"]
[Black "nomuffyet"]
[Result "1-0"]
[WhiteCountry "SWE"]
[BlackCountry "SWE"]
[WhiteElo "2207"]
[WhiteRD "76"]
[BlackElo "1379"]
[BlackRD "252"]
[GameID "97414"]

1. e4 e5 2. f4 exf4 3. Nf3 d6 4. d4 Nf6 5. Nc3 c6 6. Bxf4 Nh5 7. Be3 Bg4 8. Be2 Be7 9. O-O O-O 10. Qd2 f5
11. Bc4+ Kh8 12. Be6 Rf6 13. Ng5 Qf8 14. e5 Rxe6 15. Nxe6 Qc8 16. Ng5 Bxg5 17. Bxg5 d5 18. h3 h6 19. hxg4 hxg5 20. Qxg5 Qe8
21. gxh5 Nd7 22. Rxf5
1-0

[Event "Team Sweden Open Knockout Tournament 2007"]
[Site "SchemingMind.com"]
[Date "2007.03.23"]
[Round "-"]
[White "Lee Shuck"]
[Black "Ingemar Assarsjö"]
[Result "0-1"]
[WhiteCountry "ENG"]
[BlackCountry "SWE"]
[WhiteElo "1420"]
[WhiteRD "62"]
[BlackElo "1920"]
[BlackRD "83"]
[GameID "97599"]

1. e4 e5 2. Nf3 Nc6 3. Bb5 a6 4. Ba4 Nf6 5. O-O Nxe4 6. d4 b5 7. Nxe5 Nxe5 8. dxe5 bxa4 9. Re1 Bb7 10. Nc3 Nxc3
11. bxc3 Bc5 12. Rb1 Bc6 13. Bf4 O-O 14. Be3 Bxe3 15. Rxe3 Qg5 16. Rg3 Qxe5 17. Re3 Qd5 18. Qxd5 Bxd5 19. Rd1 Bc6 20. Rde1 Rab8
21. f3 g6 22. Kf2 Rb2 23. R3e2 Bb5 24. Rd2 Rxa2 25. Kg3 Ra3 26. Re3 Ra1 27. Re4 a3 28. Rb4 a2 29. Kf4 Re1
0-1

[Event "Team Sweden Open Knockout Tournament 2007"]
[Site "SchemingMind.com"]
[Date "2007.03.22"]
[Round "-"]
[White "joab"]
[Black "MichaelDV"]
[Result "0-1"]
[WhiteCountry "CAN"]
[BlackCountry "SWE"]
[WhiteElo "1357"]
[WhiteRD "50"]
[BlackElo "2301"]
[BlackRD "75"]
[GameID "97600"]

1. e4 e6 2. d4 d5 3. exd5 exd5 4. c4 Nf6 5. Nc3 Nc6 6. a3 dxc4 7. Bxc4 Qxd4 8. Qe2+ Qe5 9. Bf4 Qxe2+ 10. Ngxe2 Bd6
11. Bxd6 cxd6 12. Rd1 Ke7 13. O-O Be6 14. Bd3 Rhe8 15. Ne4 d5 16. Nxf6 Kxf6 17. Bxh7 g6 18. Nf4 Rad8 19. Rfe1 d4 20. b4 Bb3
21. Rxe8 Rxe8 22. Rb1 Bc2 23. Rc1 d3
0-1

[Event "Team Sweden Open Knockout Tournament 2007"]
[Site "SchemingMind.com"]
[Date "2007.03.25"]
[Round "-"]
[White "Ingemar Assarsjö"]
[Black "Lee Shuck"]
[Result "1-0"]
[WhiteCountry "SWE"]
[BlackCountry "ENG"]
[WhiteElo "1920"]
[WhiteRD "83"]
[BlackElo "1420"]
[BlackRD "62"]
[GameID "97612"]

1. e4 e5 2. Nf3 Nc6 3. Bc4 Bc5 4. b4 Bxb4 5. c3 Ba5 6. d4 exd4 7. O-O Nge7 8. Ng5 d5 9. exd5 Ne5 10. Bb3 dxc3
11. Qd4 f6 12. Qa4+ N7c6 13. dxc6 Nxc6 14. Nf7 Qd4 15. Nxh8 Qxa4 16. Bxa4 Bd7 17. Ba3 Nd4 18. Re1+ Ne6 19. Rxe6+ Kd8 20. Nf7+ Kc8
21. Bxd7+ Kb8 22. Re8#
1-0

[Event "Team Sweden Open Knockout Tournament 2007"]
[Site "SchemingMind.com"]
[Date "2007.03.23"]
[Round "-"]
[White "Robert Pallett"]
[Black "doodledandy"]
[Result "1/2-1/2"]
[WhiteCountry "ENG"]
[BlackCountry "CAN"]
[WhiteElo "2248"]
[WhiteRD "72"]
[BlackElo "2481"]
[BlackRD "83"]
[GameID "97751"]

1. e4 c5 2. Nf3 Nc6 3. d4 cxd4 4. Nxd4 Nf6 5. Nc3 e5 6. Ndb5 d6 7. Bg5 a6 8. Na3 b5 9. Bxf6 gxf6 10. Nd5 Bg7
11. c3 f5 12. exf5 Bxf5 13. Nc2 Be6 14. g3 O-O 15. Bg2 f5 16. O-O a5 17. Nf4 exf4 18. Bxc6 Rc8 19. Bd5 Bf7 20. Qf3 b4
21. Nd4 Bxd4 22. cxd4 fxg3 23. Bxf7+ Rxf7 24. hxg3= Qg5 25. Qd5 Qg6 26. Rac1 Rxc1 27. Rxc1 f4 28. Kg2 Kg7 29. Rc6 fxg3 30. fxg3 Qf6
31. Kh3 Qf1+ 32. Kh4 Qf6+=
1/2-1/2

[Event "Team Sweden Open Knockout Tournament 2007"]
[Site "SchemingMind.com"]
[Date "2007.03.23"]
[Round "-"]
[White "doodledandy"]
[Black "Robert Pallett"]
[Result "1-0"]
[WhiteCountry "CAN"]
[BlackCountry "ENG"]
[WhiteElo "2481"]
[WhiteRD "83"]
[BlackElo "2248"]
[BlackRD "72"]
[GameID "97759"]

1. e4 e5 2. Nf3 Nc6 3. Bb5 a6 4. Bxc6 dxc6 5. O-O Qd6 6. Na3 Be6 7. Qe2 Bg4 8. h3 Bh5 9. g4 Bg6 10. Nc4 Qe6
11. Ncxe5 O-O-O 12. Re1 Re8 13. d4 f6 14. Nxg6 hxg6 15. Kg2 f5 16. Ne5 c5 17. Bg5 cxd4 18. exf5 gxf5 19. Qf3 fxg4 20. hxg4 Bd6
21. Nf7 Rh2+ 22. Kf1 Rh1+ 23. Qxh1 Qxf7 24. Rxe8+ Qxe8 25. Qd5 Qf8 26. Re1 c5 27. Re6
1-0

[Event "Team Sweden Open Knockout Tournament 2007"]
[Site "SchemingMind.com"]
[Date "2007.03.27"]
[Round "-"]
[White "Mariazb"]
[Black "John Elburg"]
[Result "1/2-1/2"]
[WhiteCountry "ARG"]
[BlackCountry "NED"]
[WhiteElo "2325"]
[WhiteRD "72"]
[BlackElo "2257"]
[BlackRD "93"]
[GameID "97978"]

1. d4 d5 2. c4 dxc4 3. e4 e5 4. Nf3 exd4 5. Bxc4 Nc6 6. O-O Be6 7. Bb5 Bc5 8. Nbd2 Ne7 9. Nb3 Bxb3 10. Qxb3 O-O
11. e5 Ng6 12. e6 Na5 13. Qa4 c6 14. Bd3 b5 15. Qc2 Qd5 16. Be4 Qh5 17. Bf5 Be7 18. exf7+ Kh8 19. Be6 Rad8 20. Qe4 Nc4
21. Nxd4 Nd6 22. Qg4 Qxg4 23. Bxg4 Ne5 24. Bh5 g6 25. f4 Nd3 26. Nxc6 gxh5 27. Nxe7 Rxf7 28. Nc6 Rc8 29. Rd1 Rxc6 30. Rxd3 Kg8
31. Be3 Re7 32. Rad1 Nf5 33. Bd2 Kf7 34. Bc3 a6 35. Kf2 Re4 36. g3 h4 37. Kf3 Rec4 38. Rd7+ Ne7 39. Ra7 b4 40. Be5 hxg3
41. Bd6 gxh2 42. Rxe7+ Kg6 43. f5+ Kxf5 44. Rxh7 Rc1 45. Rxc1 Rxc1 46. Rxh2 a5 47. Rh5+ Ke6 48. Bf4 Rb1 49. b3 a4 50. bxa4 Rb2
51. Rb5 Rxa2 52. Rxb4 Kd5 53. Be3 Rc2 54. Rb5+ Kc6 55. Rb6+ Kc7 56. a5 Rc3 57. a6 Rxe3+=
1/2-1/2

[Event "Team Sweden Open Knockout Tournament 2007"]
[Site "SchemingMind.com"]
[Date "2007.03.25"]
[Round "-"]
[White "russellhead"]
[Black "trashy"]
[Result "0-1"]
[WhiteCountry "USA"]
[BlackCountry "POR"]
[WhiteElo "1386"]
[WhiteRD "67"]
[BlackElo "2039"]
[BlackRD "98"]
[GameID "97979"]

1. e4 Nf6 2. e5 Nd5 3. d4 d6 4. Nf3 Bg4 5. Be2 e6 6. O-O Be7 7. c4 Nb6 8. h3 Bh5 9. Nc3 O-O 10. Be3 N8d7
11. Qd3 Bxf3 12. Bxf3 dxe5 13. Bxb7 Rb8 14. Be4 f5 15. Bc6 f4 16. Bxd7 Qxd7 17. Bd2 Qxd4 18. Qxd4 exd4 19. Nb5 Nxc4 20. Bc1 Rxb5
21. b3 Nd6 22. f3 e5 23. Rb1 Nf5 24. Bb2 Ne3 25. Rf2 Bh4 26. Re2 Rc8 27. Bc1 c5
0-1

[Event "Team Sweden Open Knockout Tournament 2007"]
[Site "SchemingMind.com"]
[Date "2007.03.26"]
[Round "-"]
[White "John Elburg"]
[Black "Mariazb"]
[Result "1/2-1/2"]
[WhiteCountry "NED"]
[BlackCountry "ARG"]
[WhiteElo "2257"]
[WhiteRD "93"]
[BlackElo "2325"]
[BlackRD "72"]
[GameID "97989"]

1. e4 d6 2. d4 Nf6 3. Nc3 g6 4. Bg5 Bg7 5. e5 dxe5 6. dxe5 Nfd7 7. e6 fxe6 8. Qd2 Ne5 9. Qxd8+ Kxd8 10. O-O-O+ Bd7
11. Be2 Nbc6 12. Ne4 b6 13. c3 Nf7 14. Nf3 Ke8 15. Be3 Nd6 16. Ng3 Rd8 17. h4 Na5 18. h5 Nac4 19. Bf4 e5 20. h6 Bf6
21. Bg5 Bc6 22. b3 Bxg5+ 23. Nxg5 Na5 24. Ne6 Rc8 25. Bg4 Bxg2 26. Rhg1 Bb7 27. Rge1 e4 28. Ng7+ Kf7 29. Be6+ Kf6 30. b4 Nac4
31. Bxc4 Nxc4 32. Nxe4+ Bxe4 33. Rxe4 Nd6 34. Re6+ Kg5 35. Re5+ Nf5 36. Nxf5 gxf5 37. Rxe7 Kxh6 38. Rg1 Rhe8 39. Rf7 Rf8 40. Rfg7 f4
41. R7g4 Rf5 42. Rh4+ Rh5 43. Rxf4 Rg5 44. Rh4+ Rh5 45. Rxh5+ Kxh5 46. Kd2 Rd8+ 47. Ke2 Re8+ 48. Kd3 Rd8+ 49. Ke4 Re8+ 50. Kd5 Re2
51. Rg7 Kh6 52. Rxc7 Rd2+ 53. Kc6 Rxa2 54. f4 Kg6 55. f5+ Kxf5 56. Rxh7 Ra1 57. Kb5 Kf6 58. c4 Ke6 59. Rb7 Ke5=
1/2-1/2

[Event "Team Sweden Open Knockout Tournament 2007"]
[Site "SchemingMind.com"]
[Date "2007.03.24"]
[Round "-"]
[White "trashy"]
[Black "russellhead"]
[Result "1-0"]
[WhiteCountry "POR"]
[BlackCountry "USA"]
[WhiteElo "2039"]
[WhiteRD "98"]
[BlackElo "1386"]
[BlackRD "67"]
[GameID "97990"]

1. d4 e6 2. Nf3 Nf6 3. e3 d5 4. Bd3 c5 5. c3 Nc6 6. Nbd2 Bd6 7. dxc5 Bxc5 8. e4 d4 9. e5 dxc3 10. Nb3 cxb2
11. Bxb2 Nd7 12. Nxc5 Nxc5 13. Bb5 O-O 14. Bxc6 bxc6 15. O-O Ba6 16. Ba3 Nd3 17. Bxf8 Qxf8 18. Qa4 Qc8 19. Rab1 Nc5 20. Qa3 Bxf1
21. Qxc5 Bd3 22. Rc1 Bb5 23. Qc2 h6 24. Nd4 Qc7 25. Nxb5 Qxe5 26. Qxc6 Rb8 27. Nd6 Qb2 28. h4 Qxa2 29. Nxf7
1-0

[Event "Team Sweden Open Knockout Tournament 2007"]
[Site "SchemingMind.com"]
[Date "2007.03.25"]
[Round "-"]
[White "Parne"]
[Black "ekulrac"]
[Result "0-1"]
[WhiteCountry "SWE"]
[BlackCountry "SCO"]
[WhiteElo "1470"]
[WhiteRD "78"]
[BlackElo "1710"]
[BlackRD "52"]
[GameID "98115"]

1. e4 Nc6 2. d4 e5 3. Nf3 exd4 4. Nxd4 Bc5 5. Nxc6 Qf6 6. f3 dxc6 7. Nc3 Ne7 8. Bc4 O-O 9. Qd3 Re8 10. Be3 Bxe3
11. Qxe3 b5 12. Bb3 Nf5 13. Qc5 Nd4 14. O-O-O Nxb3+ 15. axb3 a5 16. Rd4 a4 17. e5 Qh6+ 18. f4 axb3 19. Qe7 Be6 20. Qxc7 b4
21. Ne2 c5 22. Qxc5 Rac8 23. Qxc8 Rxc8 24. c3 Bg4 25. Rhd1 Qb6 26. Rd6 Qa5 27. R1d5 Qa1+ 28. Kd2 Qxb2+ 29. Ke1 Qxe2#
0-1

[Event "Team Sweden Open Knockout Tournament 2007"]
[Site "SchemingMind.com"]
[Date "2007.03.25"]
[Round "-"]
[White "ekulrac"]
[Black "Parne"]
[Result "1-0"]
[WhiteCountry "SCO"]
[BlackCountry "SWE"]
[WhiteElo "1710"]
[WhiteRD "52"]
[BlackElo "1470"]
[BlackRD "78"]
[GameID "98120"]

1. e4 f5 2. exf5 d5 3. Qh5+ g6 4. fxg6 Kd7 5. Qxd5+ Ke8 6. Qf7+ Kd7 7. g7 Bxg7 8. Qxg7 Nf6 9. Nf3 b6 10. Ne5+ Ke6
11. Nf7 Qg8 12. Qxh8 Kxf7 13. Qxg8+ Kxg8 14. Bc4+ Kf8 15. d4 Nc6 16. c3 Bf5 17. Nd2 Rd8 18. O-O h5 19. Nf3 Rd6 20. Bf4 Rd8
21. Ng5 h4 22. Ne6+ Bxe6 23. Bxe6 Nh5 24. Bxc7
1-0

[Event "Team Sweden Open Knockout Tournament 2007"]
[Site "SchemingMind.com"]
[Date "2007.03.27"]
[Round "-"]
[White "jtrochez1"]
[Black "Games Freak"]
[Result "1-0"]
[WhiteCountry "HON"]
[BlackCountry "AUS"]
[WhiteElo "1559"]
[WhiteRD "45"]
[BlackElo "1159"]
[BlackRD "76"]
[GameID "98270"]

1. e4 d5 2. exd5 Qxd5 3. Nc3 Qd8 4. Bc4 e6 5. d4 c6 6. a3 a6 7. b4 Bd7 8. Nf3 b5 9. Bd3 a5 10. bxa5 Rxa5
11. a4 b4 12. Ne4 f5 13. Ng3 Nf6 14. Bd2 g6 15. O-O Ng4 16. Ne5 Qh4 17. Nxg4 h5 18. Qc1 hxg4 19. Re1 c5 20. Bb5 cxd4
21. Bxd7+ Kxd7 22. Qb2 Qxh2+ 23. Kf1 Na6 24. Qxd4+ Kc7 25. Bf4+ Kc6 26. Rxe6+ Kb7 27. Qd7+ Nc7 28. Qxc7+ Ka8 29. Re8#
1-0

[Event "Team Sweden Open Knockout Tournament 2007"]
[Site "SchemingMind.com"]
[Date "2007.03.28"]
[Round "-"]
[White "gjttjg"]
[Black "crespov"]
[Result "0-1"]
[WhiteCountry "USA"]
[BlackCountry "CHI"]
[WhiteElo "1134"]
[WhiteRD "110"]
[BlackElo "1673"]
[BlackRD "93"]
[GameID "98272"]

1. e4 c5 2. Nc3 Nc6 3. Nf3 e5 4. Nd5 Nf6 5. Bc4 d6 6. O-O Be7 7. d3 O-O 8. h3 a6 9. c3 h6 10. Be3 b5
11. Bb3 Rb8 12. a3 Bb7 13. d4 c4 14. Bc2 Na5 15. b4 cxb3 16. Bxb3 Nxb3 17. Qxb3 Nxe4 18. dxe5 Nc5 19. Qd1 dxe5 20. Nb4 Qxd1
21. Raxd1 Bxf3 22. gxf3 Rbc8 23. Nd3 Nxd3 24. Rxd3 Bxa3 25. Ra1 Bb2 26. Rxa6 Bxc3 27. Bd2 b4 28. Ra2 f6 29. Kf1 Rf7 30. f4 e4
31. Rd5 Re7 32. Ke2 g5 33. Rd6 Kg7 34. Ra1 Bxa1 35. Bxb4 Rb7 36. Bd2 Rc2 37. Ke3 Rc4 38. f3 gxf4+ 39. Kxf4 Be5+ 40. Kf5 Bxd6
41. f4 Rc2 42. Be1 e3 43. Bh4 Rf2 44. Bxf6+ Kf7 45. Bd4 Rxf4#
0-1

[Event "Team Sweden Open Knockout Tournament 2007"]
[Site "SchemingMind.com"]
[Date "2007.03.26"]
[Round "-"]
[White "peeuukoo"]
[Black "loco61"]
[Result "1-0"]
[WhiteCountry "FIN"]
[BlackCountry "ENG"]
[WhiteElo "1880"]
[WhiteRD "80"]
[BlackElo "1568"]
[BlackRD "58"]
[GameID "98273"]

1. d4 e6 2. c4 Nf6 3. Nc3 Bb4 4. Qc2 Nc6 5. e3 O-O 6. Bd3 d5 7. a3 Bxc3+ 8. Qxc3 Ne4 9. Bxe4 dxe4 10. Ne2 f5
11. O-O Ne7 12. Nf4 g5 13. Nh5 Qe8 14. Ng3 f4 15. Nxe4 Qg6 16. Nc5 b6 17. Nd3 fxe3 18. Bxe3 Bb7 19. Ne5 Qe4 20. f3 Qh4
21. Qd2 h6 22. Qd3 Nf5 23. Ng6 Qh5 24. Nxf8 Rxf8 25. g4 Qg6 26. gxf5 exf5 27. d5 a5 28. Bd4 h5 29. Bc3
1-0

[Event "Team Sweden Open Knockout Tournament 2007"]
[Site "SchemingMind.com"]
[Date "2007.03.26"]
[Round "-"]
[White "Games Freak"]
[Black "jtrochez1"]
[Result "0-1"]
[WhiteCountry "AUS"]
[BlackCountry "HON"]
[WhiteElo "1159"]
[WhiteRD "76"]
[BlackElo "1559"]
[BlackRD "45"]
[GameID "98281"]

1. d4 d5 2. Nc3 e6 3. f3 Nc6 4. e4 Bb4 5. a3 Bxc3+ 6. bxc3 Nge7 7. exd5 exd5 8. Bd3 Bf5 9. Bxf5 Nxf5 10. g4 Qh4+
11. Kf1 Ng3+ 12. Kg2 Nxh1 13. Kxh1 O-O 14. Rb1 b6 15. h3 f5 16. gxf5 Rxf5 17. a4 Re8 18. Kh2 Qf2+ 19. Kh1 Re1 20. Qxe1 Qxe1
21. Kg2 Qxc3 22. h4 Qxc2+ 23. Kg3 Qxb1 24. Be3 Qb3 25. Kf2 Nb4 26. f4 Nd3+ 27. Ke2 Nxf4+ 28. Bxf4 Rxf4 29. h5 Re4+ 30. Kf2 Qe3+
31. Kg2 Rg4+ 32. Kh1 Qxg1#
0-1

[Event "Team Sweden Open Knockout Tournament 2007"]
[Site "SchemingMind.com"]
[Date "2007.03.30"]
[Round "-"]
[White "crespov"]
[Black "gjttjg"]
[Result "1-0"]
[WhiteCountry "CHI"]
[BlackCountry "USA"]
[WhiteElo "1673"]
[WhiteRD "93"]
[BlackElo "1134"]
[BlackRD "110"]
[GameID "98283"]

1. c4 Nf6 2. Nc3 e5 3. d3 Bb4 4. Qb3 Nc6 5. a3 Ba5 6. Bd2 O-O 7. g3 b6 8. Bg2 d6 9. e4 Ng4 10. Nge2 Qf6
11. O-O h6 12. f4 Qg6 13. Qc2 Qh5 14. h3 Nf6 15. g4 Qg6 16. b4 Bxb4 17. axb4 Nxb4 18. Qb1 c5 19. Nd5 Nfxd5 20. cxd5 Ba6
21. Bxb4 cxb4 22. Rxa6 f6 23. Qxb4 Rfd8 24. Ng3 Qe8 25. Nf5 Qf8 26. Qa3 Rd7 27. Rc1 Qe8 28. Rc6 Rad8 29. Rxa7 Rxa7 30. Qxa7 Rb8
31. Qxg7#
1-0

[Event "Team Sweden Open Knockout Tournament 2007"]
[Site "SchemingMind.com"]
[Date "2007.03.26"]
[Round "-"]
[White "loco61"]
[Black "peeuukoo"]
[Result "0-1"]
[WhiteCountry "ENG"]
[BlackCountry "FIN"]
[WhiteElo "1532"]
[WhiteRD "61"]
[BlackElo "1898"]
[BlackRD "82"]
[GameID "98284"]

1. e4 e5 2. d4 exd4 3. Qxd4 Nc6 4. Qd1 Nf6 5. Nc3 Bb4 6. Bd2 O-O 7. Bc4 Bxc3 8. Bxc3 Nxe4 9. Qf3 Nxc3 10. Qxc3 d5
11. Bd3 Re8+ 12. Ne2 Qg5 13. O-O h6 14. f4 Qg4 15. Rae1 Bf5 16. Bxf5 Qxf5 17. g3 Rad8 18. Qd2 Qf6 19. c3 Qd6 20. Nd4 Ne7
21. Re2 c5 22. Nb5 Qb6 23. a4 a6 24. Na3 Qc6 25. b3 Nf5 26. Rfe1 Rxe2 27. Qxe2 Nd6 28. Nc2 Re8 29. Qf3 Rxe1+ 30. Nxe1 Ne4
31. Qd3 c4 32. bxc4 Qxc4 33. Qxc4 dxc4 34. Nc2 Nxc3 35. Na3 Nxa4 36. Nxc4 b5 37. Na5 f5 38. Kf2 Kf7 39. Ke3 Ke6 40. Kd3 Kd5
41. Kc2 Nc5 42. Kc3 g5 43. fxg5 hxg5 44. h3 Ne4+ 45. Kd3 Nxg3 46. Nb3 Nh5 47. Ke3 Nf4 48. Nd4 Ke5 49. Nf3+ Kf6 50. Kd4 Nxh3
0-1

[Event "Team Sweden Open Knockout Tournament 2007"]
[Site "SchemingMind.com"]
[Date "2007.03.29"]
[Round "-"]
[White "masonking"]
[Black "fouche"]
[Result "1-0"]
[WhiteCountry "GBR"]
[BlackCountry "COL"]
[WhiteElo "1807"]
[WhiteRD "159"]
[BlackElo "1574"]
[BlackRD "66"]
[GameID "98505"]

1. e4 c5 2. Nf3 Nc6 3. d4 cxd4 4. Nxd4 Nf6 5. Nxc6 bxc6 6. Bd3 e5 7. O-O Bc5 8. a3 O-O 9. h3 d5 10. Bg5 Bb7
11. Nc3 d4 12. Ne2 Be7 13. f4 Qd6 14. fxe5 Qxe5 15. Bf4 Qb5 16. Bxb5
1-0

[Event "Team Sweden Open Knockout Tournament 2007"]
[Site "SchemingMind.com"]
[Date "2007.03.30"]
[Round "-"]
[White "fouche"]
[Black "masonking"]
[Result "1-0"]
[WhiteCountry "COL"]
[BlackCountry "GBR"]
[WhiteElo "1593"]
[WhiteRD "70"]
[BlackElo "1603"]
[BlackRD "150"]
[GameID "98512"]

1. d4 Nf6 2. c4 e6 3. Nc3 Bb4 4. Nf3 b6 5. Bd2 Bxc3 6. Bxc3 Bb7 7. e3 O-O 8. Be2 d5 9. O-O Nbd7 10. Rc1 Re8
11. cxd5 exd5 12. Bd3 h6 13. Re1 c5 14. h3 Rc8 15. b3 Ne4 16. Nd2 cxd4 17. Bxd4 Qh4 18. Nxe4 dxe4 19. Bc4 Ne5 20. Bxe5 Rxe5
21. Qd7 Re7 22. Bxf7+ Rxf7 23. Rxc8+ Bxc8 24. Qxc8+ Kh7 25. Re2 Qh5 26. Rc2 Qd1+ 27. Kh2 Qe1 28. Qg4 Re7 29. Qf5+ g6 30. Qf6 Rg7
31. Rc8 Qb4 32. Qd8 g5 33. Qh8+
1-0

[Event "Team Sweden Open Knockout Tournament 2007"]
[Site "SchemingMind.com"]
[Date "2007.03.28"]
[Round "-"]
[White "toguints"]
[Black "Rhel"]
[Result "0-1"]
[WhiteCountry "PHI"]
[BlackCountry "GBR"]
[WhiteElo "1268"]
[WhiteRD "57"]
[BlackElo "2047"]
[BlackRD "143"]
[GameID "98676"]

1. d4 Nf6 2. Bg5 Ne4 3. Nf3 Nxg5 4. Nxg5 e5 5. Nf3 e4 6. Ne5 d6 7. Nc4 d5 8. Ne3 c5 9. Nc3 Be6 10. g3 Nc6
11. dxc5 d4
0-1

[Event "Team Sweden Open Knockout Tournament 2007"]
[Site "SchemingMind.com"]
[Date "2007.03.28"]
[Round "-"]
[White "david"]
[Black "Troglodyte"]
[Result "0-1"]
[WhiteCountry "SWE"]
[BlackCountry "USA"]
[WhiteElo "1377"]
[WhiteRD "86"]
[BlackElo "2018"]
[BlackRD "80"]
[GameID "98677"]

1. e4 c5 2. c4 Nc6 3. d3 g6 4. Nf3 Bg7 5. Be2 e6 6. Nc3 Nge7 7. Qc2 O-O 8. Nb5 a6 9. Nd6 f5 10. Bg5 Qc7
11. Bxe7 Nxe7 12. Nxc8 Raxc8 13. O-O Nc6 14. a3 b5 15. exf5 Rxf5 16. cxb5 axb5 17. Qb3 Rb8 18. Nh4 Nd4 19. Qd1 Nxe2+ 20. Qxe2 Rff8
21. g3 b4 22. axb4 Rxb4 23. Rab1 Rfb8 24. f4 Rxb2 25. Rxb2 Rxb2 26. Qg4 Qa7 27. Nxg6 c4+ 28. Kh1 hxg6 29. Qxg6 Qa8+ 30. Qe4 Qa2
31. dxc4 Rxh2+ 32. Kg1 Bd4+ 33. Qxd4 Qg2#
0-1

[Event "Team Sweden Open Knockout Tournament 2007"]
[Site "SchemingMind.com"]
[Date "2007.03.28"]
[Round "-"]
[White "Rhel"]
[Black "toguints"]
[Result "1-0"]
[WhiteCountry "GBR"]
[BlackCountry "PHI"]
[WhiteElo "2047"]
[WhiteRD "143"]
[BlackElo "1268"]
[BlackRD "57"]
[GameID "98681"]

1. d4 f5 2. g3 e6 3. Bg2 Nf6 4. Nf3 d5 5. O-O Nc6 6. c4 Bd7 7. cxd5 Nxd5 8. Bd2 Qf6 9. Bg5 Qf7 10. Nc3 h6
11. Nxd5 exd5 12. Bf4
1-0

[Event "Team Sweden Open Knockout Tournament 2007"]
[Site "SchemingMind.com"]
[Date "2007.03.28"]
[Round "-"]
[White "Troglodyte"]
[Black "david"]
[Result "1-0"]
[WhiteCountry "USA"]
[BlackCountry "SWE"]
[WhiteElo "2018"]
[WhiteRD "80"]
[BlackElo "1377"]
[BlackRD "86"]
[GameID "98682"]

1. d4 d5 2. c4 dxc4 3. Nf3 a6 4. e3 b5 5. a4 e6 6. axb5 axb5 7. Rxa8 Na6 8. Ne5 Ne7 9. Qh5 g6 10. Qf3 f5
11. Nc3 Bg7 12. Nxb5 Bxe5 13. dxe5 Qd5 14. Na7 Qa5+ 15. Bd2 Qa1+ 16. Qd1 Qxd1+ 17. Kxd1 Kf7 18. Nxc8 Nxc8 19. Rxa6 Rd8 20. Rc6 Nb6
21. Rxc7+ Nd7 22. Bxc4 h5 23. Bb5 Ke8 24. Ke2 Rb8 25. Bxd7+ Kd8 26. Rhc1 Rxb2 27. Rc8+
1-0

[Event "Team Sweden Open Knockout Tournament 2007"]
[Site "SchemingMind.com"]
[Date "2007.04.11"]
[Round "-"]
[White "Troglodyte"]
[Black "Space"]
[Result "0-1"]
[WhiteCountry "USA"]
[BlackCountry "SWE"]
[WhiteElo "1830"]
[WhiteRD "83"]
[BlackElo "2175"]
[BlackRD "82"]
[GameID "100626"]

1. d4 Nf6 2. c4 c5 3. d5 a6 4. Nc3 b5 5. e4 b4 6. Na4 d6 7. Bd3 e6 8. f4 exd5 9. cxd5 Be7 10. Nf3 O-O
11. O-O Re8 12. Qc2 g6 13. Bc4 Ra7 14. a3 a5 15. Re1 Bg4 16. Qf2 Bd7 17. b3 Bf8
0-1

[Event "Team Sweden Open Knockout Tournament 2007"]
[Site "SchemingMind.com"]
[Date "2007.04.12"]
[Round "-"]
[White "Space"]
[Black "Troglodyte"]
[Result "1-0"]
[WhiteCountry "SWE"]
[BlackCountry "USA"]
[WhiteElo "2162"]
[WhiteRD "82"]
[BlackElo "1725"]
[BlackRD "75"]
[GameID "100636"]

1. e4 e5 2. Nf3 Nc6 3. Bb5 a6 4. Ba4 Nf6 5. O-O Be7 6. Re1 b5 7. Bb3 O-O 8. c3 d6 9. h3 Na5 10. Bc2 c5
11. d3 Be6 12. Nbd2 Nc6 13. Nf1 Rb8 14. Ne3 d5 15. exd5 Nxd5 16. Ng4 f6 17. d4 cxd4 18. cxd4 Bb4 19. Re2 Nde7 20. a3 Ba5
21. dxe5 Qxd1+ 22. Bxd1
1-0

[Event "Team Sweden Open Knockout Tournament 2007"]
[Site "SchemingMind.com"]
[Date "2007.04.21"]
[Round "-"]
[White "doodledandy"]
[Black "MichaelDV"]
[Result "1/2-1/2"]
[WhiteCountry "CAN"]
[BlackCountry "SWE"]
[WhiteElo "2469"]
[WhiteRD "80"]
[BlackElo "2325"]
[BlackRD "71"]
[GameID "101947"]

1. e4 c5 2. Nf3 d6 3. Bb5+ Bd7 4. Bxd7+ Qxd7 5. O-O Nc6 6. c3 Nf6 7. d4 Nxe4 8. d5 Ne5 9. Re1 Nxf3+ 10. Qxf3 Nf6
11. c4 e5 12. dxe6 fxe6 13. Bg5 Be7 14. Nc3 h6 15. Bxf6 O-O 16. Qg4 Bxf6 17. Qxe6+ Qxe6 18. Rxe6 Bxc3 19. bxc3 Rae8 20. Rae1 Rxe6
21. Rxe6 Rf4 22. Rxd6 Rxc4 23. Rd3 Ra4 24. Rd8+ Kf7=
1/2-1/2

[Event "Team Sweden Open Knockout Tournament 2007"]
[Site "SchemingMind.com"]
[Date "2007.04.21"]
[Round "-"]
[White "MichaelDV"]
[Black "doodledandy"]
[Result "1/2-1/2"]
[WhiteCountry "SWE"]
[BlackCountry "CAN"]
[WhiteElo "2340"]
[WhiteRD "70"]
[BlackElo "2483"]
[BlackRD "82"]
[GameID "101951"]

1. e4 c5 2. Nf3 d6 3. d4 cxd4 4. Nxd4 Nf6 5. Nc3 a6 6. Bg5 e6 7. f4 Qb6 8. Qd2 Qxb2 9. Rb1 Qa3 10. f5 Nc6
11. fxe6 fxe6 12. Nxc6 bxc6 13. e5 dxe5 14. Bxf6 gxf6 15. Ne4 Qxa2 16. Rd1 Be7 17. Be2 O-O 18. O-O Ra7 19. Rf3 Kh8 20. Rg3 Rd7
21. Qh6 Rxd1+ 22. Bxd1 Rf7 23. Qh5 Qa5 24. Kf1 Qd8 25. Qxf7 Qxd1+ 26. Kf2 Qxc2+ 27. Kf3 Qd1+ 28. Kf2 Qc2+ 29. Kf3=
1/2-1/2

[Event "Team Sweden Open Knockout Tournament 2007"]
[Site "SchemingMind.com"]
[Date "2007.05.18"]
[Round "-"]
[White "fouche"]
[Black "peeuukoo"]
[Result "0-1"]
[WhiteCountry "COL"]
[BlackCountry "FIN"]
[WhiteElo "1569"]
[WhiteRD "66"]
[BlackElo "1928"]
[BlackRD "93"]
[GameID "105842"]

1. d4 Nf6 2. c4 g6 3. Nc3 Bg7 4. e4 d6 5. Be3 O-O 6. Nf3 Re8 7. Bd3 Nc6 8. O-O a6 9. Rc1 Rb8 10. a3 Bg4
11. h3 Bxf3 12. Qxf3 e5 13. d5 Nd4 14. Bxd4 exd4 15. Ne2 c5 16. b4 b6 17. Rfe1 Nd7 18. Qg3 Ne5 19. f4 Nxd3 20. Qxd3 Qh4
21. Rf1 f5 22. exf5 Re3 23. Qd2 Rbe8 24. Rce1 d3 25. fxg6 hxg6 26. Rf3 Rxe2 27. Rxe2 dxe2
0-1